| 000 | 00000nam 2200000zi 4500 |
| 001 | 9.933053 |
| 003 | CaOODSP |
| 005 | 20240215114553 |
| 006 | m o d f |
| 007 | cr |n||||||||| |
| 008 | 240129s1990 abcad ob f000 0 eng d |
| 040 | |aCaOODSP|beng|erda|cCaOODSP |
| 043 | |an-cn-ab |
| 086 | 1 |aDR52-6/23-1990E-PDF |
| 100 | 1 |aMackay, David J. |q(David James), |d1954- |eauthor. |
| 245 | 10|aFlame jet ignition of large fuel-air clouds (u) / |cD.J. Mackay, S.B. Murray, and I.O. Moen. |
| 246 | 34|aFlame jet ignition of large fuel-air clouds |
| 264 | 1|aRalston, Alberta : |bDefence Research Establishment Suffield, |c[1990] |
| 300 | |a1 online resource (vi, 14, [24] pages) : |billustrations, charts |
| 336 | |atext|btxt|2rdacontent |
| 337 | |acomputer|bc|2rdamedia |
| 338 | |aonline resource|bcr|2rdacarrier |
| 490 | 1 |aSuffield memorandum ; |vno. 1274 |
| 500 | |aDigitized edition from print [produced by Defence Research and Development Canada]. |
| 504 | |aIncludes bibliographical references (pages 12-14). |
| 650 | 0|aJets|xFluid dynamics. |
| 650 | 0|aFlame. |
| 650 | 0|aCombustion|xResearch|zCanada. |
| 650 | 6|aJets|xDynamique des fluides. |
| 650 | 6|aFlamme. |
| 650 | 6|aCombustion|xRecherche|zCanada. |
| 655 | 7|aTechnical reports|2lcgft |
| 655 | 7|aRapports techniques|2rvmgf |
| 710 | 2 |aDefence Research Establishment Suffield, |eissuing body. |
| 830 | #0|aSuffield memorandum ;|vno. 1274.|w(CaOODSP)9.870467 |
| 856 | 40|qPDF|s1.78 MB|uhttps://publications.gc.ca/collections/collection_2024/rddc-drdc/DR52-6-23-1990-eng.pdf |
| 986 | |aSM 1274 ; |
| 986 | |aDRES-M-1274 |